Oxford Advanced Learner's Dictionary

Wedi'i Gadw mewn:
Manylion Llyfryddiaeth
Awduron Eraill: Crowther, Jonathan
Fformat: Llyfr
Iaith:English
Cyhoeddwyd: E. Oxfort University Press 1995
Pynciau:
Tagiau: Ychwanegu Tag
Dim Tagiau, Byddwch y cyntaf i dagio'r cofnod hwn!
Thư viện lưu trữ: Mạng thư viện Đại học Đà Nẵng
LEADER 01025nam a2200313 4500
001 000025008
003 21499
005 20170418140459.0
008 170413s1995 engsd
041 0 |a eng 
082 1 4 |a 423  |b Oxf 
245 1 0 |a Oxford Advanced Learner's Dictionary  |c Jonathan Crowther biên tập  |k Từ điển 
260 |a E.  |b Oxfort University Press  |c 1995 
300 |a 1427 tr.  |c 21 cm. 
650 0 4 |a English language  |v Dictionary 
650 0 4 |a Tiếng Anh  |v Từ điển 
653 |a Từ điển 
653 |a Tiếng Anh 
700 1 |a Crowther, Jonathan 
OWN |a LSP 
AVA |a UDN50  |b LSP  |d 423 Oxf  |e available  |t Error 5001 Not defined in file expand_doc_bib_avail.  |f 1  |g 0  |h N  |i 0  |k 1 
999 |a From the UDN01 
AVA |a UDN50  |b LSP  |d 423 Oxf  |e available  |t Error 5001 Not defined in file expand_doc_bib_avail.  |f 1  |g 0  |h N  |i 0  |k 1 
TYP |a Monograph 
TYP |a Printed language 
980 |a Mạng thư viện Đại học Đà Nẵng